Drapeaux de pays du monde #8 - Statistiques

Statistiques générales
  • Ce quiz a été pris 157 fois
  • Le résultat moyen est 14 sur 18
Statistiques - réponses
Par images Réponse % Correct
Croatie
98%
Serbie
91%
Slovaquie
90%
Thaïlande
90%
Cambodge
89%
Luxembourg
88%
Slovénie
88%
Laos
86%
Liechtenstein
80%
Somalie
79%
Costa Rica
76%
Honduras
76%
Paraguay
73%
Cap-Vert
72%
Haïti
71%
Belize
64%
Salvador
64%
Micronésie
60%
Aucun quiz correspondant
Distribution des résultats
% des personnes avec chaque résultat
Percentile par nombre de réponses
Votre historique - résultats
Vous n’avez pas pris ce quiz